Foundation science for GCSE

Main Author: Hill, Graham
Other Authors: Snape, George, Rowlands, David
Published: London: Hodder & Stoughton, 2001.
Subjects:
LEADER 00671cam a2200193 7i4500
001 0000021694
005 20210409090000.0
020 |a 0340775351 (pbk.)  
090 0 0 |a QH315   |b .H36 2001 
100 1 |a Hill, Graham  
245 1 0 |a Foundation science for GCSE   |c Graham Hill, David Rowlands, George Snape. 
260 |a London:   |b Hodder & Stoughton,   |c 2001. 
300 |a 355 p.:   |b col. ill.;   |c 28 cm. 
650 0 0 |a Science  
650 0 0 |a Science --   |x Problems, exercises, etc.  
700 1 |a Snape, George  
700 1 |a Rowlands, David  
997 |a Engineering & Life Sciences, Faculty  |b Science & Biotechnology, Department 
999 |a 0000022666  |b BOK  |c OPEN SHELF  |e 2nd Floor, Bestari Jaya